000 00422nam a2200157Ia 4500
008 100122s9999 xx 000 0 und d
082 _b63028
_aBM823
100 _aBLYTON ENID
245 _aNODY- TIDIES TOYLAND & TELL A STORY
250 _a0
260 _bEGMONT IMAGINATION
_c2001
300 _a66
630 _aNODY- TIDIES TOYLAND & TELL A STORY
730 _aNODY- TIDIES TOYLAND & TELL A STORY
942 _cBOOK
999 _c378874
_d378871